<?xml version="1.0" encoding="UTF-8"?>
<record
    xmlns:xsi="http://www.w3.org/2001/XMLSchema-instance"
    xsi:schemaLocation="http://www.loc.gov/MARC21/slim http://www.loc.gov/standards/marcxml/schema/MARC21slim.xsd"
    xmlns="http://www.loc.gov/MARC21/slim">

  <leader>01389nam a2200361 a 4500</leader>
  <controlfield tag="001">000108003</controlfield>
  <controlfield tag="003">CHAP</controlfield>
  <controlfield tag="005">20241015134226.0</controlfield>
  <controlfield tag="008">131127s2012    mx     |r|   |||||||spa d</controlfield>
  <datafield tag="010" ind1=" " ind2=" ">
    <subfield code="a">104465</subfield>
  </datafield>
  <datafield tag="011" ind1=" " ind2=" ">
    <subfield code="a">105437</subfield>
  </datafield>
  <datafield tag="040" ind1=" " ind2=" ">
    <subfield code="c">CHAP</subfield>
  </datafield>
  <datafield tag="090" ind1=" " ind2=" ">
    <subfield code="a">Folleto 18379</subfield>
  </datafield>
  <datafield tag="100" ind1="1" ind2=" ">
    <subfield code="a">Grass Ram&#xED;rez, Jos&#xE9; Fernando</subfield>
    <subfield code="9">124765</subfield>
  </datafield>
  <datafield tag="245" ind1="1" ind2="3">
    <subfield code="a">El enfoque de sistemas agroalimentarios localizados - SIAL :</subfield>
    <subfield code="b">propuestas para el fortalecimiento metodol&#xF3;gico /</subfield>
    <subfield code="c">por Jos&#xE9; Fernando Grass Ram&#xED;rez, Fernando Cervantes Escoto y Mar&#xED;a Isabel Palacios Rangel.</subfield>
  </datafield>
  <datafield tag="260" ind1=" " ind2=" ">
    <subfield code="a">Chapingo, M&#xE9;x :</subfield>
    <subfield code="b">Centro de Investigaciones Econ&#xF3;micas Sociales Tecnol&#xF3;gicas de la Agroindustria y de la Agricultura Mundial,</subfield>
    <subfield code="c">2012.</subfield>
  </datafield>
  <datafield tag="300" ind1=" " ind2=" ">
    <subfield code="a">46 p.</subfield>
  </datafield>
  <datafield tag="490" ind1="1" ind2=" ">
    <subfield code="a">Reporte de investigaci&#xF3;n</subfield>
    <subfield code="v">; 92</subfield>
  </datafield>
  <datafield tag="590" ind1=" " ind2=" ">
    <subfield code="a">E11695DGD</subfield>
    <subfield code="b">10</subfield>
    <subfield code="c">20131129</subfield>
    <subfield code="l">UCH01</subfield>
    <subfield code="h">1012</subfield>
  </datafield>
  <datafield tag="590" ind1=" " ind2=" ">
    <subfield code="a">E11695DGD</subfield>
    <subfield code="b">10</subfield>
    <subfield code="c">20131129</subfield>
    <subfield code="l">UCH01</subfield>
    <subfield code="h">1013</subfield>
  </datafield>
  <datafield tag="590" ind1=" " ind2=" ">
    <subfield code="a">E5995AHE</subfield>
    <subfield code="b">05</subfield>
    <subfield code="c">20131127</subfield>
    <subfield code="l">UCH01</subfield>
    <subfield code="h">0915</subfield>
  </datafield>
  <datafield tag="590" ind1=" " ind2=" ">
    <subfield code="a">E5995AHE</subfield>
    <subfield code="b">05</subfield>
    <subfield code="c">20131127</subfield>
    <subfield code="l">UCH01</subfield>
    <subfield code="h">0916</subfield>
  </datafield>
  <datafield tag="590" ind1=" " ind2=" ">
    <subfield code="a">E5995AHE</subfield>
    <subfield code="b">05</subfield>
    <subfield code="c">20131127</subfield>
    <subfield code="l">UCH01</subfield>
    <subfield code="h">0916</subfield>
  </datafield>
  <datafield tag="650" ind1="1" ind2="4">
    <subfield code="a">Desarrollo de la comunidad rural</subfield>
    <subfield code="z">M&#xE9;xico.</subfield>
    <subfield code="9">32040</subfield>
  </datafield>
  <datafield tag="650" ind1="1" ind2="7">
    <subfield code="a">Industria lechera</subfield>
    <subfield code="z">M&#xE9;xico</subfield>
    <subfield code="2"></subfield>
    <subfield code="9">57847</subfield>
  </datafield>
  <datafield tag="650" ind1="1" ind2="4">
    <subfield code="a">Leche.</subfield>
    <subfield code="9">65357</subfield>
  </datafield>
  <datafield tag="650" ind1="1" ind2="4">
    <subfield code="a">Queso</subfield>
    <subfield code="x">Procesado.</subfield>
    <subfield code="9">93233</subfield>
  </datafield>
  <datafield tag="700" ind1="1" ind2=" ">
    <subfield code="a">Cervantes Escoto, Fernando</subfield>
    <subfield code="9">21557</subfield>
  </datafield>
  <datafield tag="830" ind1="0" ind2=" ">
    <subfield code="a">Reporte de investigaci&#xF3;n</subfield>
    <subfield code="v">; 92</subfield>
    <subfield code="9">96000</subfield>
  </datafield>
  <datafield tag="901" ind1=" " ind2=" ">
    <subfield code="a">BK</subfield>
  </datafield>
  <datafield tag="942" ind1=" " ind2=" ">
    <subfield code="c">FOLL</subfield>
  </datafield>
  <datafield tag="942" ind1=" " ind2=" ">
    <subfield code="n">0</subfield>
  </datafield>
  <datafield tag="999" ind1=" " ind2=" ">
    <subfield code="c">104465</subfield>
    <subfield code="d">104465</subfield>
  </datafield>
  <datafield tag="952" ind1=" " ind2=" ">
    <subfield code="0">0</subfield>
    <subfield code="1">0</subfield>
    <subfield code="4">0</subfield>
    <subfield code="5">1</subfield>
    <subfield code="7">0</subfield>
    <subfield code="8">UACH</subfield>
    <subfield code="a">BC</subfield>
    <subfield code="b">BC</subfield>
    <subfield code="c">PA_UACH</subfield>
    <subfield code="d">2013-11-27</subfield>
    <subfield code="f">FOLL</subfield>
    <subfield code="l">0</subfield>
    <subfield code="o">Folleto 18379</subfield>
    <subfield code="p">33724002365033</subfield>
    <subfield code="r">2019-12-31 00:00:00</subfield>
    <subfield code="w">2013-11-27</subfield>
    <subfield code="y">FOLL</subfield>
  </datafield>
</record>
